Harakterističeskie funkcii raspredelenij pritâgivaûŝihsâ k ustojčivomu zakonu s pokazatelem α = 1

Elmentve itt :
Bibliográfiai részletek
Szerző: Tkačuk S. G.
Dokumentumtípus: Cikk
Megjelent: 1985
Sorozat:Acta scientiarum mathematicarum 49
Kulcsszavak:Matematika
Online Access:http://acta.bibl.u-szeged.hu/15069
LEADER 00653nab a2200181 i 4500
001 acta15069
005 20210409095258.0
008 161015s1985 hu o 0|| rus d
022 |a 0001-6969 
040 |a SZTE Egyetemi Kiadványok Repozitórium  |b hun 
041 |a rus 
100 1 |a Tkačuk S. G. 
245 1 0 |a Harakterističeskie funkcii raspredelenij pritâgivaûŝihsâ k ustojčivomu zakonu s pokazatelem α = 1  |h [elektronikus dokumentum] /  |c  Tkačuk S. G. 
260 |c 1985 
300 |a 299-307 
490 0 |a Acta scientiarum mathematicarum  |v 49 
695 |a Matematika 
856 4 0 |u http://acta.bibl.u-szeged.hu/15069/1/math_049_299-307.pdf  |z Dokumentum-elérés